Para renovar la Penitencia y la Confesión / (Record no. 126435)

MARC details
000 -LEADER
campo de control de longitud fija 00511nam a2200169 4500
001 - NÚMERO DE CONTROL
campo de control 126435
003 - IDENTIFICADOR DE NÚMERO DE CONTROL
campo de control ES-MaACL
005 - FECHA Y HORA DE LA ÚLTIMA TRANSACCIÓN
campo de control 20260201171943.0
007 - CAMPO FIJO DE DESCRIPCIÓN FÍSICA--INFORMACIÓN GENERAL
campo de control de longitud fija t|
008 - DATOS DE LONGITUD FIJA--INFORMACIÓN GENERAL
campo de control de longitud fija 070214s1969 sp r ||||1| spa d
245 00 - MENCIÓN DEL TÍTULO
Título Para renovar la Penitencia y la Confesión /
Mención de responsabilidad, etc. F. Sebastián... [et al.].
260 ## - PUBLICACIÓN, DISTRIBUCIÓN, ETC.
Lugar de publicación, distribución, etc. Madrid :
Nombre del editor, distribuidor, etc. Propaganda Popular Católica,
Fecha de publicación, distribución, etc. 1969.
300 ## - DESCRIPCIÓN FÍSICA
Extensión 189 p. ;
Dimensiones 22 cm.
700 0# - ENTRADA AGREGADA--NOMBRE PERSONAL
Nombre de persona Sebastián Aguilar, Fernando
9 (RLIN) 105013
852 ## - LOCALIZACIÓN
Ubicación ES-MaACL
Número de control de estantería C-47418
Sublocalización o colección R.71452
Holdings
Estatus retirado Estado de pérdida Estado de daño No para préstamo Biblioteca de origen Biblioteca actual Ubicación en estantería Fecha de adquisición Fuente de adquisición Total de préstamos Signatura topográfica completa Código de barras Visto por última vez Precio de reemplazo Tipo de ítem Koha
        Biblioteca del Ateneo de Madrid Biblioteca del Ateneo de Madrid Depósito 2 17/01/2008     C-47418 1131691 23/02/2023 23/02/2023 Libro impreso